| 000 | 03755cam a22004217i 4500 | ||
|---|---|---|---|
| 001 | 19852588 | ||
| 003 | OSt | ||
| 005 | 20240220103942.0 | ||
| 008 | 170728t20162016nyua b 000 0 eng d | ||
| 010 | _a 2017385826 | ||
| 020 | _a9780062380203 (hardcover) | ||
| 020 | _a0062380206 (hardcover) | ||
| 035 | _a(OCoLC)ocn913135621 | ||
| 040 |
_aYDXCP _beng _cYDXCP _erda _dBTCTA _dBDX _dOCLCQ _dCPL _dOCLCO _dIMF _dVP@ _dOCP _dCDX _dOCLCF _dOCLCO _dIMD _dOBE _dCSF _dIAK _dDLC |
||
| 042 | _alccopycat | ||
| 050 | 0 | 0 |
_aHT185 _b.C578 2016 |
| 082 |
_a909.09732 _bCIT |
||
| 245 | 0 | 0 |
_aCity squares : _beighteen writers on the spirit and significance of squares around the world / _cCatie Marron. |
| 250 | _aFirst edition. | ||
| 260 |
_aParis: _bHarper; _c2016. |
||
| 300 |
_axiii, 287 pages : _billustrations (chiefly color) ; _c24 cm |
||
| 500 | _a"With 93 photographs"--Dust jacket. | ||
| 504 | _aIncludes bibliographical references. | ||
| 505 | 0 | 0 |
_gIntroduction / Catie Marron -- _gPart 1. _tCulture : power of the place. _tIntroduction / _rMichael Kimmelman ; _tMaidan-e-Pompa, Kabul : resisting the square / _rRory Stewart ; _tPlace des Vosges, Paris : a private place / _rAdam Gopnik ; _tRed Square, Moscow, Grand Market Square, Kraków : the past is always present / _rAnne Applebaum ; _tSquares of Rome and Venice : the shadow of ideas : Circles and squares / _rZadie Smith ; _tDjemaa el-Fnaa, Marrakech : engaging with complexity and diversity / _rDavid Adjaye -- _gPart 2. _tGeopolitics : strength in numbers. _tIntroduction / _rDavid Remnick ; _tTahrir Square, Cairo : lost and found in the Square / _rJehane Noujaim ; _tRabin Square, Tel Aviv : so empty, so loud / _rAri Shavit ; _tTaksim Square, Istanbul : Byzantine, then and now / _rElif Shafak ; _tTiananmen Square, Beijing : in search of heavenly peace / _rEvan Osnos ; _tEuromaidan, Kiev : a place becomes a movement / _rChrystia Freeland -- _gPart 3. _tHistory : influence on humanity. _tIntroduction / _rGeorge Packer ; _tGrand Parade, Cape Town : a speech for the ages / _rRichard Stengel ; _tResidential squares, London : a meander through splendor and squalor / _rAndrew Roberts ; _tZócalo, Mexico City : on sacred ground / _rAlma Guillermoprieto ; _tHarvard Square, Boston : a city changes, its heart endures / _rAnn Beattie ; _tThe virtual square : Hacker Square / _rGillian Tett. |
| 520 | _a"In this important collection, eighteen renowned writers, including David Remnick, Zadie Smith, Rebecca Skloot, Rory Stewart, and Adam Gopnik evoke the spirit and history of some of the world{u2019}s most recognized and significant city squares, accompanied by illustrations from equally distinguished photographers. Over half of the world{u2019}s citizens now live in cities, and this number is rapidly growing. At the heart of these municipalities is the square{u2014}the defining urban public space since the dawn of democracy in Ancient Greece. Each square stands for a larger theme in history: cultural, geopolitical, anthropological, or architectural, and each of the eighteen luminary writers has contributed his or her own innate talent, prodigious research, and local knowledge"--Amazon.com. | ||
| 650 | 0 |
_aPublic spaces _xSocial aspects. _934162 |
|
| 650 | 0 |
_aPlazas _xSocial aspects. _9120787 |
|
| 650 | 0 |
_aCity planning _xSocial aspects. _924165 |
|
| 650 | 0 |
_aSociology, Urban. _924619 |
|
| 650 | 7 |
_aCity planning _xSocial aspects. _2fast _924165 |
|
| 650 | 7 |
_aPlazas _xSocial aspects. _2fast _9120787 |
|
| 650 | 7 |
_aPublic spaces _xSocial aspects. _2fast _934162 |
|
| 650 | 7 |
_aSociology, Urban. _2fast _924619 |
|
| 700 | 1 |
_aMarron, Catie, _eeditor. _9120788 |
|
| 906 |
_a7 _bcbc _ccopycat _d2 _encip _f20 _gy-gencatlg |
||
| 942 |
_2ddc _cBK _aSADA _k909.09732 CIT 2016 |
||
| 999 |
_c607885 _d607885 |
||